Statistics for All Modern-Day Countries Ever Controlled by the Russian Empire

Click here to take the quiz!

General Stats

  • This quiz has been taken 9,881 times
  • The average score is 30 of 32

Answers on the Map

Answers color-coded by a green-red scale on the quiz's map according to % correct below.
 

Answer Stats

Countries% Correct
Russia
99%
Finland
98%
Kazakhstan
98%
Poland
98%
Ukraine
98%
Belarus
97%
China
97%
Estonia
97%
Latvia
97%
Lithuania
97%
Georgia
96%
Turkey
96%
Armenia
95%
Azerbaijan
95%
Bulgaria
95%
France
95%
Iran
95%
North Korea
95%
Romania
95%
Turkmenistan
95%
United States
95%
Uzbekistan
95%
Moldova
94%
Kyrgyzstan
93%
Tajikistan
93%
Germany
91%
Greece
91%
Lebanon
84%
Sweden
83%
Montenegro
81%
Djibouti
72%
Norway
53%

Score Distribution

Percentile by Number Answered

Percent of People with Each Score

Your Score History

You have not taken this quiz